000 00288nam a2200109 a 4500
005 20201002031147.0
008 130312s2012 000 spa d
100 _aGuerien Batiste, Gilberto
_964157
245 3 _aLa apariencia engaƱa.
260 _aSanto Domingo,
_c2012.
999 _c37519
_d37519
040 _aDO-SdBNP